Normal view
MARC view
- W. O. Lester Smith
Entry Personal Name
001 - CONTROL NUMBER
- control field: 107354
003 - CONTROL NUMBER IDENTIFIER
- control field: NUST
005 - DATE AND TIME OF LATEST TRANSACTION
- control field: 20230123100644.0
008 - FIXED-LENGTH DATA ELEMENTS
- fixed length control field: 230123|| aca||aabn | a|a d
040 ## - CATALOGING SOURCE
- Original cataloging agency: NUST
- Transcribing agency: NUST
100 ## - HEADING--PERSONAL NAME
- Personal name: W. O. Lester Smith
670 ## - SOURCE DATA FOUND
- Source citation: Work cat.: (NUST)185993: W. O. Lester Smith, To whom do schools belong: , 1945
